Word Ladder: Sanford's Trade Quiz Stats

Quiz Updated Oct 28, 2014

Score 0/16 Timer 02:00
0 Plays Today
Hint 4-Letter Word % Correct
Shopping complexMALL
97.3%
Thin aluminum wrapping sheetFOIL
97.3%
Man, boy, dude, or guyMALE
97.1%
End task without successFAIL
97%
Neck and head hair of horseMANE
96.9%
⚙ Letters conveyed by postal system ⚙MAIL
96.6%
Tarzan love interestJANE
96.5%
⚙ Nourishment, sustenance ⚙FOOD
95.1%
Hint 4-Letter Word % Correct
Unwise, imprudent personFOOL
94.7%
⚙ Sum of money paid as bail ⚙BOND
88.4%
Feeling love or friendshipFOND
86.8%
AM, FM, UHF, or VHF, e.g.BAND
84.3%
Professional poet employed by a patronBARD
83.7%
⚙ London police, after Scotland ⚙YARD
78.8%
Wally and Beaver Cleaver's momJUNE
75.1%
⚙⚙ COMMON BOND ⚙⚙JUNK
41%

Today's Daily Dose

Missing Word
'F' Science

Word Ladder
Guitar Heroes

Quick Pick
Zambian Borders

On This Day
April 22nd II

You're not logged in!

Compare scores with friends on all Sporcle quizzes.
Sign Up with Email
OR
Log In

You Might Also Like...

Show Comments

Extras

Top Quizzes Today


Score Distribution

Your Account Isn't Verified!

In order to create a playlist on Sporcle, you need to verify the email address you used during registration. Go to your Sporcle Settings to finish the process.

Report this User

Report this user for behavior that violates our Community Guidelines.

Details: